000 00256nam a2200109Ia 4500
008 190216s9999||||xx |||||||||||||| ||und||
100 _aMajithia
245 0 _aHindi-Mery Sresht Vyanga Rachanayam
260 _bJyan Bharathi
650 _aHindi
942 _cBK
999 _c15486
_d15486